00438nam a2200157Ia 450000500170000000800410001702000150005808200150007310000140008824500800010226000430018230000180022565000120024365000120025565000130026720240809060935.0240331s9999 xx 000 0 und d a9532103282 bKUMa398.2 aKumara, V 0aKuveni of Lanka pura :bthe goddess with three breasts and a crystal tongue aColombobM.D.Gunasena & Co.Ltdc1988 axxi, 114 p ., aCulture aHistory aReligion